🎵 Hazbin Hotel ✪ Vox Vs Alastor - Stayed Gone | Paroles 🎵 - Statistiques

Statistiques générales
  • Ce quiz a Ă©tĂ© pris 124 fois
  • Le rĂ©sultat moyen est 214 sur 357
Statistiques - réponses
Réponse % Correct
n’a
97%
A
90%
Ă 
90%
a
90%
la
90%
n'es
89%
T’es
89%
t’es
89%
A-t-il
87%
de
87%
De
87%
qu’il
87%
Qu’il
87%
ce
86%
Ce
86%
C’qu’on
86%
es
86%
le
86%
Oh
86%
C’est
84%
c’est
84%
en
84%
n’est
84%
Qu’est-ce
84%
s’est
84%
Tu
84%
tu
84%
va
84%
vas
84%
bien
83%
est
83%
Est-ce
83%
est-il
83%
Te
83%
me
81%
bienvenu
80%
Bienvenus
80%
dans
80%
regretter
80%
d'ĂŞtre
79%
et
79%
Et
79%
que
79%
show
79%
shows
79%
vous
79%
Vous
79%
ça
77%
ici-bas
77%
ma
77%
qu’un
77%
sa
77%
télé
77%
voilĂ 
77%
plus
76%
Plus
76%
un
76%
Un
76%
Radio
74%
radio
74%
rentré
74%
Il
71%
il
71%
on
71%
On
71%
Pas
71%
pas
71%
Tout
71%
vite
71%
Allume
70%
cet
70%
Je
70%
je
70%
mon
67%
qui
67%
Qui
67%
ses
66%
tout
66%
Vox
66%
ne
64%
peut-il
64%
voix
64%
rues
63%
sait
63%
2
61%
3
61%
monde
61%
nous
61%
Nous
61%
périmé
61%
ses
61%
Démon
60%
démon
60%
Enfer
60%
image
60%
images
60%
m’faire
60%
t’faire
60%
des
59%
du
59%
Son
59%
son
59%
has-been
57%
Quel
57%
quel
57%
train
57%
cette
56%
les
56%
ou
56%
Ou
56%
quoi
56%
faire
54%
mee-e-e-eerde
54%
Salutations
54%
maint’nant
53%
nos
53%
veut
53%
distraire
51%
familles
51%
manqué
51%
merde
51%
place
51%
pour
51%
qu’une
51%
vidéo
51%
vos
51%
avez
50%
Depuis
50%
j’ai
50%
J’ai
50%
Mais
50%
plaisir
50%
été
49%
foutu
49%
juste
49%
préfère
49%
raté
49%
revenu
49%
suis
49%
certain
47%
commence
47%
l’camp
47%
Putain
47%
Antenne
46%
média
46%
vu
46%
Après
44%
après
44%
Caméra
44%
L'émission
44%
votre
44%
qualité
43%
vieille
43%
vieux
43%
Laissez-moi
41%
moi
41%
d’avoir
40%
donnent
40%
énoncé
40%
fossile
40%
joué
40%
seulement
40%
stylé
40%
adieu
39%
amie
39%
change
39%
crépite
39%
d’informations
39%
Dites
39%
Donc
39%
ĂŞtre
39%
gambader
39%
longtemps
39%
perdant
39%
sept
39%
tocard
39%
ans
37%
aurait
37%
indispensable
37%
migraine
37%
parasite
37%
propose
37%
s’régaler
37%
vacances
37%
bruit
36%
côtés
36%
crever
36%
d'absence
36%
devrait
36%
fond
36%
Oh
36%
oh
36%
rappeler
36%
avant
34%
Car
34%
d’inquiétude
34%
Écoutez-moi
34%
fuite
34%
hostile
34%
J’vais
34%
réclamé
34%
voulait
34%
boulet
33%
d’frire
33%
n’voudrais
33%
passable
33%
petits
33%
PlutĂ´t
33%
prendre
33%
remarqué
33%
reparte
33%
simplement
33%
vient
33%
confiance
31%
Impossible
31%
informons
31%
putassiers
31%
refusé
31%
sachiez
31%
vexé
31%
connard
30%
faut
30%
peur
30%
pouvez
30%
ringard
30%
Voler
30%
cible
29%
Lui
29%
aucune
27%
bla-bla
27%
soit
27%
brouillée
26%
public
26%
vraiment
26%
Espèce
24%
haine
24%
nouvelles
24%
souffrir
24%
trouvé
24%
futur
23%
Toi
23%
connexion
21%
format
20%
médiocres
20%
d’bonnes
19%
intéresse-t-il
19%
nouveau
17%
jour
16%
Chaque
14%
sérieux
14%
Avions-nous
13%
inutile
13%
tente
10%
Aucun quiz correspondant
Distribution des résultats
% des personnes avec chaque résultat
Percentile par nombre de réponses
Votre historique - résultats
Vous n’avez pas pris ce quiz